00000000nam##2200000za#4500
0019.633133
003CaOODSP
00520210624215158
007cr |||||||||||
008150407|2001||||xxc|||||o    f|0| 0 fre|d
040 |aCaOODSP|bfre
043 |an-cn---
0861 |aE94-308/2001F-PDF
1101 |aCanada.|bAgence canadienne de développement international.
24510|aCulture, égalité entre les sexes et coopération au développement : |h[ressource électronique]|bdes questions soulevées
260 |aOttawa - Ontario : |bAgence canadienne de développement international |c2001.
300 |a16p.|bréférences, tableau, photographies
500 |aLe n° de catalogue et l’ISBN de l'édition imprimée bilingue ont été incorrectement copiés dans l’édition électronique.
590 |a06-10-Supp|b2006-12-15
69107|aCulture|2gcpds
69107|aDéveloppement international|2gcpds
69107|aÉgalité des chances|2gcpds
77508|tQuestions about culture, gender equality and development cooperation |w(CaOODSP)9.688717
7760#|tQuestions about culture, gender equality and development cooperation : |w(CaOODSP)9.662641
7760#|tCulture, égalité entre les sexes et coopération au développement : |w(CaOODSP)9.662642
85640|ahttp://publications.gc.ca|qPDF|s1933 Ko|uhttps://publications.gc.ca/collections/Collection/E94-308-2001F.pdf